000 00502nam a2200181Ia 4500
001 20331
005 20260306172758.0
008 260306t2005||||xx |||||||||||||| ||spa||
041 _aESP
082 _a343.2
_bCH517
100 _aChanamé Orbe, Raúl
_eAUT
245 0 _aComentarios de la constitución política:
_bhistoria - concordancias -sumillas, preguntas y respuestas
260 _c2005
300 _a394 páginas :
_c24 cm.
650 _aGEN
654 _aCDE
942 _cLIB
_dJUS
_fJUS
_2ddc
_n
999 _c20331
_d20331